000 00346 a2200097 4500
020 _a9789390429547
100 _aKumaranasan
245 _aMalayalathinte priyakavithakal Kumaranasan(മലയാളത്തിൻെറ പ്രിയകവിതകൾ കുമാരനാശാൻ)
260 _bGreen books India pvt. ltd.
_c2021
942 _cOO
999 _c116149
_d116148